Topografía general y aplicada
Guardado en:
| Hovedforfatter: | |
|---|---|
| Format: | Bog |
| Sprog: | Spanish |
| Udgivet: |
Madrid : Dossat,
1984
|
| Udgivelse: | 8. edición corr. y aum. |
| Tags: |
Tilføj Tag
Ingen Tags, Vær først til at tagge denne postø!
|
MARC
| LEADER | 00000nam a2200000Ia 4500 | ||
|---|---|---|---|
| 003 | 002814 | ||
| 005 | 20221231143952.0 | ||
| 008 | 140114s9999 sp a 000 ||spa d | ||
| 040 | |c cru CEDI | ||
| 082 | |a 526.9 D671t8 | ||
| 100 | |a Domínguez García, Tejero Francisco |9 18979 | ||
| 245 | |a Topografía general y aplicada | ||
| 250 | |a 8. edición corr. y aum. | ||
| 260 | |a Madrid : Dossat, |c 1984 | ||
| 300 | |a xiii, 823 páginas : ilustraciones ; 23 cm. | ||
| 942 | |2 ddc |c BK | ||
| 999 | |c 14967 |d 14967 | ||
